Normal view
MARC view
- Dhillon, B.S
Entry Personal Name
001 - CONTROL NUMBER
- control field: 56117
003 - CONTROL NUMBER IDENTIFIER
- control field: NUST
005 - DATE AND TIME OF LATEST TRANSACTION
- control field: 20210628201634.0
008 - FIXED-LENGTH DATA ELEMENTS
- fixed length control field: 210628|| aca||aabn | a|a d
040 ## - CATALOGING SOURCE
- Original cataloging agency: NUST
- Transcribing agency: NUST
100 ## - HEADING--PERSONAL NAME
- Personal name: Dhillon, B.S
670 ## - SOURCE DATA FOUND
- Source citation: Work cat.: (NUST): Dhillon, B.S, Engineering maintainability ,how to design for reliability and easy maintenance, 2000
